[Event "Tenerife-chT Preferente"]
[Site "Tenerife"]
[Date "2022.03.05"]
[Round "5.2"]
[White "Svensson del Pino, German"]
[Black "Martin Hernandez, Jonas David"]
[Result "1/2-1/2"]
[WhiteElo "1860"]
[BlackElo "1892"]
[PlyCount "113"]
[EventDate "2022.01.29"]
[EventType "team-tourn"]
[EventRounds "14"]
[EventCountry "ESP"]
[SourceTitle "EXT 2024"]
[Source "ChessBase"]
[SourceDate "2023.10.10"]
[SourceVersion "1"]
[SourceVersionDate "2023.10.10"]
[SourceQuality "1"]
[WhiteTeam "Rey Ahogado"]
[BlackTeam "Piratas La Orotava"]
[WhiteTeamCountry "ESP"]
[BlackTeamCountry "ESP"]

1. e4 d5 2. exd5 Qxd5 3. Nc3 Qd8 4. Bc4 Nf6 5. Nf3 a6 6. a4 Bf5 7. d3 e6 8. h3 Nc6 9. Qe2 Bc5 10. 0-0 h6 11. Be3 Nd4 12. Bxd4 Bxd4 13. Nxd4 Qxd4 14. Rfe1 0-0 15. Qe5 Qb6 16. a5 Qc6 17. Bb3 Nd7 18. Qf4 Nc5 19. Bc4 Rfd8 20. d4 g5 21. Qe3 Nd7 22. Bb3 Qd6 23. h4 Nf6 24. Rad1 Ng4 25. Qg3 Qxg3 26. fxg3 c6 27. Ne4 Rac8 28. Nc5 Rc7 29. c3 Kh8 30. Bc4 e5 31. dxe5 Rxd1 32. Rxd1 Nxe5 33. Bb3 Kg7 34. Kf2 Kf6 35. Rd6+ Kg7 36. Rd2 Bc8 37. Bd1 Bf5 38. Rd4 Re7 39. Rb4 Bc8 40. Bf3 Kf8 41. Rd4 Ke8 42. Ne4 Be6 43. Nf6+ Kf8 44. Rd8+ Kg7 45. Nh5+ Kh7 46. Nf6+ Kg6 47. Ne4 Nd7 48. hxg5 hxg5 49. Rg8+ Kh7 50. Rxg5 f5 51. Rh5+ Kg6 52. Rg5+ Kf7 53. Nd6+ Kf6 54. Rh5 Ne5 55. Rh6+ Kg7 56. Rh4 Kf6 57. b4 1/2-1/2

[Event "Tenerife-chT Preferente"]
[Site "Tenerife"]
[Date "2021.05.08"]
[Round "5.4"]
[White "Mukhi Talreja, Ishita Tina"]
[Black "Svensson del Pino, German"]
[Result "1/2-1/2"]
[WhiteElo "1467"]
[BlackElo "1877"]
[PlyCount "75"]
[EventDate "2021.02.27"]
[EventType "team-tourn"]
[EventRounds "14"]
[EventCountry "ESP"]
[SourceTitle "EXT 2023"]
[Source "ChessBase"]
[SourceDate "2022.10.05"]
[SourceVersion "1"]
[SourceVersionDate "2022.10.05"]
[SourceQuality "1"]
[WhiteTeam "Piratas La Orotava"]
[BlackTeam "Rey Ahogado"]
[WhiteTeamCountry "ESP"]
[BlackTeamCountry "ESP"]

1. d4 Nf6 2. Nf3 d5 3. g3 g6 4. Bg2 Bg7 5. 0-0 0-0 6. Nbd2 Bf5 7. Re1 c6 8. c3 Nbd7 9. Qb3 b5 10. Nh4 Be6 11. Qc2 Rc8 12. e4 dxe4 13. Nxe4 Nxe4 14. Qxe4 c5 15. d5 Nf6 16. Qe2 Bxd5 17. Qxe7 Re8 18. Qxd8 Rcxd8 19. Be3 Bxg2 20. Nxg2 Re5 21. Rad1 Rde8 22. Bf4 Rxe1+ 23. Rxe1 Rxe1+ 24. Nxe1 Nd5 25. Bb8 a6 26. Ba7 c4 27. Nc2 f5 28. Bd4 Bh6 29. f4 Bf8 30. b3 Kf7 31. Kf2 Ke6 32. bxc4 bxc4 33. Ne3 Nxe3 34. Kxe3 Kd5 35. Kf3 Be7 36. h3 h5 37. Bg7 a5 38. a4 1/2-1/2

[Event "Tenerife-chT Preferente 1718"]
[Site "Tenerife"]
[Date "2018.01.13"]
[Round "6.4"]
[White "Rodriguez Redondo, Ethan"]
[Black "Svensson del Pino, German"]
[Result "1/2-1/2"]
[WhiteElo "1972"]
[BlackElo "1874"]
[PlyCount "71"]
[EventDate "2017.11.11"]
[EventType "team-tourn"]
[EventRounds "14"]
[EventCountry "ESP"]
[SourceTitle "EXT 2019"]
[Source "ChessBase"]
[SourceDate "2018.10.10"]
[SourceVersion "1"]
[SourceVersionDate "2018.10.10"]
[SourceQuality "1"]
[WhiteTeam "Fundacion La Caja de Canarias"]
[BlackTeam "Rey Ahogado"]
[WhiteTeamCountry "ESP"]
[BlackTeamCountry "ESP"]

1. e4 Nf6 2. d3 e5 3. g3 Nc6 4. Bg2 d5 5. Nd2 Bg4 6. Ngf3 dxe4 7. dxe4 Nxe4 8. Nxe4 Qxd1+ 9. Kxd1 Nd4 10. Neg5 e4 11. h3 exf3 12. hxg4 fxg2 13. Rg1 0-0-0 14. Bd2 f6 15. Ne4 h5 16. c3 Nf3 17. Kc2 Nxg1 18. Rxg1 hxg4 19. Rxg2 Be7 20. Be3 Rh1 21. Bd4 Re1 22. Nd2 c5 23. Be3 b5 24. Rh2 Rxe3 25. fxe3 Bd6 26. Ne4 f5 27. Ng5 Bxg3 28. Rg2 Bd6 29. Ne6 Rh8 30. Nxg7 Rh2 31. Rxh2 Bxh2 32. Nxf5 g3 33. Nh4 Kd7 34. Kd3 Ke6 35. Ke4 Kf6 36. Ng2 1/2-1/2

[Event "Tenerife-chT Preferente 1718"]
[Site "Tenerife"]
[Date "2017.11.18"]
[Round "2.4"]
[White "Mendez Acosta, Alexander Jesus"]
[Black "Svensson del Pino, German"]
[Result "0-1"]
[WhiteElo "1956"]
[BlackElo "1874"]
[PlyCount "104"]
[EventDate "2017.11.11"]
[EventType "team-tourn"]
[EventRounds "14"]
[EventCountry "ESP"]
[SourceTitle "EXT 2019"]
[Source "ChessBase"]
[SourceDate "2018.10.10"]
[SourceVersion "1"]
[SourceVersionDate "2018.10.10"]
[SourceQuality "1"]
[WhiteTeam "Al Shah Mat Los Realejos"]
[BlackTeam "Rey Ahogado"]
[WhiteTeamCountry "ESP"]
[BlackTeamCountry "ESP"]

1. c4 Nf6 2. Nc3 c6 3. Nf3 d5 4. e3 g6 5. b3 Bg7 6. Bb2 0-0 7. Be2 Bf5 8. Nd4 Bd7 9. f4 c5 10. Nf3 dxc4 11. bxc4 Nc6 12. 0-0 Bf5 13. Nh4 Bd3 14. Bxd3 Qxd3 15. Qe2 Rad8 16. Rad1 Na5 17. Nf3 Nxc4 18. Ba1 Qxe2 19. Nxe2 Ne4 20. Bxg7 Kxg7 21. Rc1 Ncxd2 22. Rfd1 Nxf3+ 23. gxf3 Rxd1+ 24. Rxd1 Nf6 25. e4 e6 26. Nc3 Rc8 27. Kf2 Kf8 28. Ke3 Ke7 29. e5 Nd5+ 30. Nxd5+ exd5 31. Rxd5 Rc7 32. f5 gxf5 33. Kf4 c4 34. Kxf5 c3 35. Rd1 c2 36. Rc1 Rc4 37. f4 b5 38. Kg4 a5 39. Kf3 Ke6 40. Ke3 Kf5 41. a4 b4 42. Kd3 Rc3+ 43. Kd2 Kxf4 44. Rf1+ Kxe5 45. Kc1 f5 46. Re1+ Kf6 47. Rf1 b3 48. h4 b2+ 49. Kxb2 c1Q+ 50. Rxc1 Rxc1 51. Kxc1 Ke5 52. Kd2 Kf4 0-1